| 000 | 00422cam a22001697 4500 | ||
|---|---|---|---|
| 001 | ltf89002023 | ||
| 003 | DLC | ||
| 005 | 20260227111549.0 | ||
| 008 | 891205s1941 xx 000 0 eng | ||
| 010 | _altf89002023 | ||
| 040 |
_aDLC _cDLC |
||
| 050 | 0 | 0 | _a4TL 311 |
| 110 | 2 | _aBataafsche Petroleum Maatschappij. | |
| 245 | 1 | 0 | _aNetherlands Indies issue. |
| 260 |
_aSourabaya _c[1941] |
||
| 300 | _a1 v. (various pagings) | ||
| 999 |
_c37305 _d37305 |
||